000 00392nam a2200133Ia 4500
008 211119s9999||||xx |||||||||||||| ||und||
082 _a920
_bKRI-S
100 _aKrishnamurthi, J
245 0 _aSambhaashanangal
260 _bMathrubhumi Books
_a2011
_cKottayam
300 _a80p.
650 _aHistory&geography
_vBiography, genealogy & insigmaEconomics
_xPGR-GANDHIAN STUDIES
942 _cBOOK
999 _c112308
_d112308